| 000 | 00654nam a2200193Ia 4500 | ||
|---|---|---|---|
| 005 | 20250508170230.0 | ||
| 008 | 008 250505s9999 xx 000 0 eng d | ||
| 037 | _aTheses | ||
| 040 |
_aFEDL _beng _cFEDL |
||
| 041 |
_aeng _2eng |
||
| 084 |
_a371.1, SUB/TH _qFEDL |
||
| 100 |
_aSubramanian Meera _9724957 |
||
| 245 | 0 | _aStudy of the policies and programmes for the professional development of school teachers in the United States of America | |
| 260 | _c2013 | ||
| 300 | _axvi, 271p. | ||
| 546 | _aPh.D.Thesis (M S University of Baroda); Gifted by Prof. Sailaja Chennat | ||
| 942 |
_cTH _h371.1, SUB/TH |
||
| 999 |
_c1399934 _d1399934 |
||